000 01473namaa22003371i 4500
005 20260419130656.0
008 260219s1997 ua a|||frm||| 000 0 eng d
040 _aEG-GICUC
_beng
_cEG-GICUC
_dEG-GICUC
_erda
041 0 _aeng
_beng
_bara
049 _aDeposit
097 _aPh.D
099 _aCai01.11.32.Ph.D.1997.Ha.I.
100 0 _aHatem Hamdi EL-Eishi,
_epreparation.
245 1 0 _aInterleukin 10 Levels In Egyptian Patients With Rheumatoid Arthritis /
_cBy Hatem Hamdi EL-Eishi; Supervisors Prof. Dr. Amani Zayed, Prof. Dr. Mervat EL-Ansary, Dr. Bassel EL-Zorkany, Dr. Hala Sheeba.
246 1 5 _aالأنترلوكن 10 في مرضى الروماتويد المفصلى المزمن المصريين
264 0 _c1997.
300 _a218 pages :
_billustrations ;
_c25 cm. +
336 _2rda content
_atext
337 _2rdamedia
_aUnmediated
338 _2rdacarrier
_avolume
502 _aThesis (Ph.D)-Cairo University, 1997.
504 _aBibliography: pages 166-218.
653 0 _aRheumatology
_aRehabilitation
700 0 _aAmani Zayed
_ethesis advisor.
700 0 _aMervat EL-Ansary
_ethesis advisor.
700 0 _aBassel EL-Zorkany
_ethesis advisor.
700 0 _aHala Sheeba
_ethesis advisor.
900 _DDepartment of Rheumatology & Rehabilitation
_FFaculty of Medicine
_UCairo University
_b1997
_cAmani Zayed
_cMervat EL-Ansary
_cBassel EL-Zorkany
_cHala Sheeba
905 _aEman El gebaly
_eNourhan
942 _2ddc
_cTH
_e21
_n0
999 _c178596